• 首页
  • 本馆介绍
  • 公告通知
  • 最新文献
  • 馆藏检索
  • 电子资源
  • 读者导购
  • 参考咨询
  • 我的图书馆
  • 登录
  • 详细信息显示
  • 放入我的书架
  • 预约/预借图书
  • 作者相关作品
  • 分类相关作品
  • 丛书相关作品
  • 出版社相关作品

书目信息

  • 表格格式
  • 工作单格式
  • 卡片格式
题名:
公路桥横向分布实用计算法
    
 
作者: 高岛春生 著 ;尹家兴 , 项洪才 译
分册: 上编  
出版信息: 北京   人民交通出版社  1984.5
页数: 452页
开本: 20cm
丛书名:
单 册:
中图分类: U448.14
科图分类:
主题词: 桥涵工程
电子资源:
ISBN:
000 00648nam0 2200217 45
001 0312221749
005 20060809105856.71
010    @dCNY2.70
091    @a15044.1797
100    @a20031222d1984 km y0chiy0120 ea
101    @achi
200 1  @a公路桥横向分布实用计算法@h上编@AGong Lu Qiao Heng Xiang Fen Bu Shi Yong Ji Suan Fa@f(日)高岛春生著@F(Ri)Gao Dao Chun Sheng Zhu@g尹家兴,项洪才译
210    @a北京@c人民交通出版社@d1984.5
215    @a452页@d20cm
606 0  @a桥涵工程
690    @aU448.14@v3
701 0  @a高岛春生@4著
702 0  @a尹家兴@4译
702 0  @a项洪才@4译
801    @aCN@bTSTCL@c20060809
905    @dU448.14@e25:1@f1@b120229
    
    公路桥横向分布实用计算法.上编/(日)高岛春生著/尹家兴,项洪才译.-北京:人民交通出版社,1984.5
    452页;20cm
    
    
    ISBN :CNY2.70
    
●
相关链接 在E读中查询图书 在五车中查询图书 在当当中查询图书 在豆瓣中查询图书


正题名:公路桥横向分布实用计算法     索取号:U448.14/25:1         预约/预借

序号 登录号 条形码 馆藏地/架位号 状态 备注
1 0451909   204519093   密集书库/ [索取号:U448.14/25:1] 在馆    
2 0451910   204519100   密集书库/ [索取号:U448.14/25:1] 在馆    
唐山师范学院图书馆 欢迎您!
大连网信软件有限公司© 版权所有